000 00506nam a2200193Ia 4500
005 20250325034122.0
008 240331s9999 xx 000 0 und d
020 _a041590417X
082 _a302.234
_bMOD
_23804
100 _aModleski, T
245 0 _aFeminism Without Women:
_bCulture and Criticism in a "Postfeminist" Age
260 _aLondon;
_aNew York,
_bRoutledge
_c1991
300 _axi, 188 p.,
650 _aWomen
650 _aFeminism
650 _aGender
650 _aSexuality
942 _cL
999 _c1174
_d1174